Statystyki dla Every WWE Champions

Kliknij tutaj aby rozwiązać quiz!

Ogólne statystyki

  • Ten quiz został rozwiązany 185 razy
  • Średni wynik to 109 z 146

Statystyki odpowiedzi

NrRokMistrz% Poprawnych
93.2009John Cena
99%
78.2006John Cena
99%
95.2009John Cena
99%
97.2010John Cena
99%
99.2010John Cena
99%
103.2011John Cena
99%
106.2011John Cena
99%
108.2011John Cena
99%
112.2013John Cena
99%
81.2006John Cena
99%
118.2014John Cena
99%
76.2005John Cena
99%
129.2017John Cena
99%
119.2014Brock Lesnar
95%
73.2003Brock Lesnar
95%
136.2019Brock Lesnar
95%
143.2022Brock Lesnar
95%
71.2003Brock Lesnar
95%
145.2022Brock Lesnar
95%
68.2002Brock Lesnar
95%
90.2009Randy Orton
95%
82.2007Randy Orton
95%
84.2007Randy Orton
95%
101.2010Randy Orton
95%
92.2009Randy Orton
95%
94.2009Randy Orton
95%
131.2017Randy Orton
95%
138.2020Randy Orton
95%
114.2013Randy Orton
95%
116.2013Randy Orton
95%
121.2015Roman Reigns
92%
123.2015Roman Reigns
92%
125.2016Roman Reigns
92%
146.2022Roman Reigns
92%
120.2015Seth Rollins
92%
126.2016Seth Rollins
92%
66.2002The Undertaker
92%
35.1997The Undertaker
92%
17.1991The Undertaker
92%
47.1999The Undertaker
92%
64.2002Triple H
91%
50.1999Triple H
91%
83.2007Triple H
91%
85.2008Triple H
91%
89.2009Triple H
91%
54.2000Triple H
91%
52.1999Triple H
91%
56.2000Triple H
91%
124.2016Triple H
91%
67.2002The Rock
90%
43.1999The Rock
90%
111.2013The Rock
90%
59.2001The Rock
90%
57.2000The Rock
90%
41.1998The Rock
90%
55.2000The Rock
90%
45.1999The Rock
90%
140.2021The Miz
87%
102.2010The Miz
87%
65.2002Hollywood Hulk Hogan
85%
10.1984Hulk Hogan
85%
13.1989Hulk Hogan
85%
24.1993Hulk Hogan
85%
16.1991Hulk Hogan
85%
18.1991Hulk Hogan
85%
39.1998Kane
85%
127.2016Dean Ambrose
84%
110.2011CM Punk
82%
104.2011CM Punk
82%
88.2009Edge
80%
86.2008Edge
80%
77.2006Edge
80%
80.2006Edge
80%
105.2011Rey Mysterio
79%
30.1996Shawn Michaels
79%
37.1997Shawn Michaels
79%
32.1997Shawn Michaels
79%
135.2019Kofi Kingston
78%
91.2009Batista
77%
98.2010Batista
77%
53.1999Big Show
77%
69.2002Big Show
77%
128.2016AJ Styles
76%
133.2017AJ Styles
76%
139.2020Drew McIntyre
76%
137.2020Drew McIntyre
76%
117.2014Daniel Bryan
74%
115.2013Daniel Bryan
74%
113.2013Daniel Bryan
74%
134.2018Daniel Bryan
74%
122.2015Sheamus
74%
96.2009Sheamus
74%
100.2010Sheamus
74%
38.1998Steve Austin
74%
40.1998Steve Austin
74%
48.1999Steve Austin
74%
46.1999Steve Austin
74%
60.2001Steve Austin
74%
62.2001Steve Austin
74%
130.2017Bray Wyatt
69%
109.2011Alberto Del Rio
67%
107.2011Alberto Del Rio
67%
141.2021Bobby Lashley
66%
144.2022Bobby Lashley
66%
63.2001Chris Jericho
65%
142.2021Big E
64%
11.1988André the Giant
63%
61.2001Kurt Angle
62%
58.2000Kurt Angle
62%
72.2003Kurt Angle
62%
70.2002Kurt Angle
62%
132.2017Jinder Mahal
61%
19.1992Ric Flair
61%
21.1992Ric Flair
61%
36.1997Bret Hart
60%
22.1992Bret Hart
60%
26.1994Bret Hart
60%
33.1997Bret Hart
60%
29.1995Bret Hart
60%
2.1963Bruno Sammartino
59%
6.1973Bruno Sammartino
59%
87.2008Jeff Hardy
56%
51.1999Vince McMahon
53%
25.1993Yokozuna
50%
23.1993Yokozuna
50%
14.1990The Ultimate Warrior
49%
74.2004Eddie Guerrero
48%
75.2004John "Bradshaw" Layfield
44%
49.1999Mankind
44%
44.1999Mankind
44%
42.1999Mankind
44%
20.1992Randy Savage
44%
12.1988Randy Savage
44%
28.1994Diesel
40%
79.2006Rob Van Dam
36%
27.1994Bob Backlund
22%
8.1978Bob Backlund
22%
1.1963Buddy Rogers
21%
4.1971Pedro Morales
21%
5.1973Stan Stasiak
20%
31.1996Sycho Sid
19%
34.1997Sycho Sid
19%
3.1971Ivan Koloff
18%
15.1991Sgt. Slaughter
18%
9.1983The Iron Sheik
18%
7.1977"Superstar" Billy Graham
13%

Rozkład punktacji

Percentyl według liczby udzielonych odpowiedzi

Procent ludzi z każdym wynikiem

Twoja historia wyników

Nie rozwiązałeś tego quizu